Countries with Djiboutian Embassies - Statistics

General Stats
  • This quiz has been taken 66 times
  • The average score is 19 of 23
Answer Stats
Continent Country % Correct
Africa Ethiopia
96%
North America United States of America
95%
Africa Egypt
93%
Europe France
93%
Africa Somalia
93%
Asia China
91%
Africa Eritrea
91%
Europe Germany
91%
Asia/ Europe Turkey
91%
Asia India
89%
Asia/ Europe Russia
89%
Africa Sudan
89%
Africa Kenya
86%
Asia Saudi Arabia
82%
Europe Belgium
79%
Asia Yemen
79%
Asia Japan
77%
North America Cuba
68%
Asia United Arab Emirates
66%
Europe Switzerland
64%
Asia Qatar
59%
Africa Morocco
57%
Asia Kuwait
48%
No matching quizzes found
Score Distribution
Percent of People with Each Score
Percentile by Number Answered
Your Score History
You have not taken this quiz